Zahořklost : jedovatý kořen /

Hlavní autor: Priolo, Lou, 1954-
Další autoři: Konečný, Šimon, 1963-
Jazyk: Čeština
Vydáno: Kroměříž : Didasko, [2017]
Vydání: První vydání
Edice: Zdroje pro změnu života
Témata:
Fyzický popis: 75 stran ; 18 cm
Knihy
Uloženo v:
LEADER 02396nam a2200721 i 4500
001 nkc20183065106
003 CZ PrNK
005 20230914090607.0
007 ta
008 181228t20172017xr e 000 0 cze
015 |a cnb003065106 
020 |a 978-80-87587-24-9  |q (brožováno) 
035 |a (OCoLC)1200246014 
040 |a OLA001  |b cze  |e rda 
041 1 |a cze  |h eng 
072 7 |a 27-4  |x Praktická teologie. Morální teologie  |2 Konspekt  |9 5 
080 |a 27-423  |2 MRF 
080 |a 171  |2 MRF 
080 |a 159.942-022.212  |2 MRF 
080 |a 27-185.36  |2 MRF 
080 |a 27-423.79  |2 MRF 
080 |a 27-4  |2 MRF 
080 |a 2-474-256-277  |2 MRF 
080 |a 2-231  |2 MRF 
080 |a (049)  |2 MRF 
100 1 |a Priolo, Lou,  |d 1954-  |7 ola20191019906  |4 aut 
240 1 0 |a Bitterness.  |l Česky 
245 1 0 |a Zahořklost :  |b jedovatý kořen /  |c Lou Priolo ; překlad: Šimon Konečný 
250 |a První vydání 
264 1 |a Kroměříž :  |b Didasko,  |c [2017] 
264 4 |c ©2017 
300 |a 75 stran ;  |c 18 cm 
336 |a text  |b txt  |2 rdacontent 
337 |a bez média  |b n  |2 rdamedia 
338 |a svazek  |b nc  |2 rdacarrier 
490 1 |a Zdroje pro změnu života 
500 |a Přeloženo z angličtiny 
504 |a Obsahuje bibliografické odkazy 
650 0 7 |a dobro a zlo  |7 ph114334  |2 czenas 
650 0 7 |a životní problémy  |7 ph128029  |2 czenas 
650 0 7 |a negativní emoce  |7 ph115428  |2 czenas 
650 0 7 |a odpuštění  |7 ph123699  |2 czenas 
650 0 7 |a křesťanská láska  |7 ph122100  |2 czenas 
650 0 7 |a křesťanský život  |7 ph122132  |2 czenas 
650 0 7 |a biblická interpretace  |7 ph118847  |2 czenas 
650 0 7 |a biblické citáty  |7 ph118853  |2 czenas 
650 0 9 |a good and evil  |2 eczenas 
650 0 9 |a life problems  |2 eczenas 
650 0 9 |a negative emotions  |2 eczenas 
650 0 9 |a forgiveness  |2 eczenas 
650 0 9 |a charity  |2 eczenas 
650 0 9 |a Christian life  |2 eczenas 
650 0 9 |a Biblical interpretation  |2 eczenas 
650 0 9 |a Biblical quotations  |2 eczenas 
655 7 |a pojednání  |7 fd133056  |2 czenas 
655 9 |a essays  |2 eczenas 
700 1 |a Konečný, Šimon,  |d 1963-  |7 ola20191019561  |4 trl 
830 0 |a Zdroje pro změnu života  |0 s 
910 2 |a BOA001  |b 1-1425.270 
990 |a BK 
995 |a 01 
991 |b 201903  |c NOV 
996 6 |b 2610774479  |c 1-1425.270  |l MZK  |r Sklad / do 1 hodiny  |n 0  |p p.v.  |w 001713447  |u 000010  |a 1  |e BOA001  |j MZK50  |s P